<?xml version="1.0" encoding="UTF-8"?>
<record
    xmlns:xsi="http://www.w3.org/2001/XMLSchema-instance"
    xsi:schemaLocation="http://www.loc.gov/MARC21/slim http://www.loc.gov/standards/marcxml/schema/MARC21slim.xsd"
    xmlns="http://www.loc.gov/MARC21/slim">

  <leader>02752cam a22004333a 4500</leader>
  <controlfield tag="005">20030306201221.0</controlfield>
  <controlfield tag="008">000117s2000    nyu    j      000 1 eng d</controlfield>
  <datafield tag="010" ind1=" " ind2=" ">
    <subfield code="a">B-330478-484</subfield>
  </datafield>
  <datafield tag="020" ind1=" " ind2=" ">
    <subfield code="a">0439135303 </subfield>
    <subfield code="c">95.00</subfield>
  </datafield>
  <datafield tag="020" ind1=" " ind2=" ">
    <subfield code="a">9780439135306</subfield>
    <subfield code="c">95.00</subfield>
  </datafield>
  <datafield tag="035" ind1=" " ind2=" ">
    <subfield code="a">B-330478-484</subfield>
  </datafield>
  <datafield tag="035" ind1=" " ind2=" ">
    <subfield code="a">B-358530</subfield>
  </datafield>
  <datafield tag="037" ind1=" " ind2=" ">
    <subfield code="b">The Wise Owl</subfield>
  </datafield>
  <datafield tag="040" ind1=" " ind2=" ">
    <subfield code="a">dpl</subfield>
  </datafield>
  <datafield tag="082" ind1=" " ind2=" ">
    <subfield code="a">S</subfield>
  </datafield>
  <datafield tag="100" ind1=" " ind2=" ">
    <subfield code="a">Stine, R. L.</subfield>
  </datafield>
  <datafield tag="245" ind1=" " ind2=" ">
    <subfield code="a">All-day nightmare /</subfield>
    <subfield code="c">by R.L. Stine.</subfield>
  </datafield>
  <datafield tag="260" ind1=" " ind2=" ">
    <subfield code="a">New York </subfield>
    <subfield code="b">Scholastic Inc.</subfield>
    <subfield code="c">2008.</subfield>
  </datafield>
  <datafield tag="270" ind1=" " ind2=" ">
    <subfield code="a">557 Broadway</subfield>
    <subfield code="b">Newyork</subfield>
    <subfield code="e">NY 10012</subfield>
  </datafield>
  <datafield tag="300" ind1=" " ind2=" ">
    <subfield code="a">137p. </subfield>
    <subfield code="c">20 cm. (pbk)</subfield>
  </datafield>
  <datafield tag="490" ind1=" " ind2=" ">
    <subfield code="a">Give yourself goosebumps ;42</subfield>
  </datafield>
  <datafield tag="500" ind1=" " ind2=" ">
    <subfield code="a">"An Apple paperback."</subfield>
  </datafield>
  <datafield tag="500" ind1=" " ind2=" ">
    <subfield code="a">"A Parachute Press book"--T.p. verso.</subfield>
  </datafield>
  <datafield tag="655" ind1=" " ind2=" ">
    <subfield code="a">Horror stories.</subfield>
    <subfield code="2">gsafd</subfield>
  </datafield>
  <datafield tag="710" ind1=" " ind2=" ">
    <subfield code="a">Copyright Paperback Collection (Library of Congress)</subfield>
  </datafield>
  <datafield tag="800" ind1=" " ind2=" ">
    <subfield code="a">Stine, R. L.</subfield>
    <subfield code="t">Give yourself goosebumps ;42</subfield>
  </datafield>
  <datafield tag="942" ind1=" " ind2=" ">
    <subfield code="2">ddc</subfield>
    <subfield code="c">CH</subfield>
    <subfield code="h">S</subfield>
    <subfield code="m">STI</subfield>
  </datafield>
  <datafield tag="999" ind1=" " ind2=" ">
    <subfield code="c">21271</subfield>
    <subfield code="d">21271</subfield>
  </datafield>
  <datafield tag="952" ind1=" " ind2=" ">
    <subfield code="0">0</subfield>
    <subfield code="1">0</subfield>
    <subfield code="2">ddc</subfield>
    <subfield code="4">0</subfield>
    <subfield code="7">0</subfield>
    <subfield code="8">FIC</subfield>
    <subfield code="a">L</subfield>
    <subfield code="b">L</subfield>
    <subfield code="d">2009-07-13</subfield>
    <subfield code="e">The wise owl /005/15.5.09/15/23.4.09/3.6.09</subfield>
    <subfield code="g">95.00</subfield>
    <subfield code="l">2</subfield>
    <subfield code="o">S STI</subfield>
    <subfield code="p">B-330478</subfield>
    <subfield code="r">2025-07-10 00:00:00</subfield>
    <subfield code="s">2025-06-28</subfield>
    <subfield code="t">1</subfield>
    <subfield code="v">95.00</subfield>
    <subfield code="w">2009-07-13</subfield>
    <subfield code="y">CH</subfield>
  </datafield>
  <datafield tag="952" ind1=" " ind2=" ">
    <subfield code="0">0</subfield>
    <subfield code="1">5</subfield>
    <subfield code="2">ddc</subfield>
    <subfield code="4">0</subfield>
    <subfield code="7">0</subfield>
    <subfield code="8">FIC</subfield>
    <subfield code="a">BL1</subfield>
    <subfield code="b">BL1</subfield>
    <subfield code="d">2009-07-13</subfield>
    <subfield code="e">The wise owl /005/15.5.09/15/23.4.09/3.6.09</subfield>
    <subfield code="g">95.00</subfield>
    <subfield code="l">0</subfield>
    <subfield code="o">S STI</subfield>
    <subfield code="p">B-330479</subfield>
    <subfield code="r">2009-07-13 00:00:00</subfield>
    <subfield code="t">1</subfield>
    <subfield code="v">95.00</subfield>
    <subfield code="y">CH</subfield>
  </datafield>
  <datafield tag="952" ind1=" " ind2=" ">
    <subfield code="0">0</subfield>
    <subfield code="1">3</subfield>
    <subfield code="2">ddc</subfield>
    <subfield code="4">0</subfield>
    <subfield code="7">0</subfield>
    <subfield code="8">FIC</subfield>
    <subfield code="a">ZLS</subfield>
    <subfield code="b">ZLS</subfield>
    <subfield code="d">2009-07-13</subfield>
    <subfield code="e">The wise owl /005/15.5.09/15/23.4.09/3.6.09</subfield>
    <subfield code="g">95.00</subfield>
    <subfield code="l">0</subfield>
    <subfield code="o">S STI</subfield>
    <subfield code="p">B-330480</subfield>
    <subfield code="r">2009-07-13 00:00:00</subfield>
    <subfield code="t">1</subfield>
    <subfield code="v">95.00</subfield>
    <subfield code="w">2009-07-13</subfield>
    <subfield code="y">CH</subfield>
  </datafield>
  <datafield tag="952" ind1=" " ind2=" ">
    <subfield code="0">0</subfield>
    <subfield code="1">0</subfield>
    <subfield code="2">ddc</subfield>
    <subfield code="4">0</subfield>
    <subfield code="7">0</subfield>
    <subfield code="8">FIC</subfield>
    <subfield code="a">ZLS</subfield>
    <subfield code="b">ZLS</subfield>
    <subfield code="d">2009-07-13</subfield>
    <subfield code="e">The wise owl /005/15.5.09/15/23.4.09/3.6.09</subfield>
    <subfield code="g">95.00</subfield>
    <subfield code="l">4</subfield>
    <subfield code="m">2</subfield>
    <subfield code="o">S STI</subfield>
    <subfield code="p">B-330481</subfield>
    <subfield code="r">2026-01-24 00:00:00</subfield>
    <subfield code="s">2026-01-10</subfield>
    <subfield code="t">1</subfield>
    <subfield code="v">95.00</subfield>
    <subfield code="y">CH</subfield>
  </datafield>
  <datafield tag="952" ind1=" " ind2=" ">
    <subfield code="0">0</subfield>
    <subfield code="1">0</subfield>
    <subfield code="2">ddc</subfield>
    <subfield code="4">0</subfield>
    <subfield code="7">0</subfield>
    <subfield code="8">FIC</subfield>
    <subfield code="a">VP</subfield>
    <subfield code="b">VP</subfield>
    <subfield code="d">2009-07-13</subfield>
    <subfield code="e">The wise owl /005/15.5.09/15/23.4.09/3.6.09</subfield>
    <subfield code="g">95.00</subfield>
    <subfield code="l">10</subfield>
    <subfield code="m">1</subfield>
    <subfield code="o">S STI</subfield>
    <subfield code="p">B-330482</subfield>
    <subfield code="r">2019-05-06 00:00:00</subfield>
    <subfield code="s">2019-04-20</subfield>
    <subfield code="t">1</subfield>
    <subfield code="v">95.00</subfield>
    <subfield code="w">2009-07-13</subfield>
    <subfield code="y">CH</subfield>
  </datafield>
  <datafield tag="952" ind1=" " ind2=" ">
    <subfield code="0">0</subfield>
    <subfield code="1">0</subfield>
    <subfield code="2">ddc</subfield>
    <subfield code="4">0</subfield>
    <subfield code="7">0</subfield>
    <subfield code="8">FIC</subfield>
    <subfield code="a">BL3</subfield>
    <subfield code="b">BL3</subfield>
    <subfield code="d">2009-07-13</subfield>
    <subfield code="e">The wise owl /005/15.5.09/15/23.4.09/3.6.09</subfield>
    <subfield code="g">95.00</subfield>
    <subfield code="l">0</subfield>
    <subfield code="o">S STI</subfield>
    <subfield code="p">B-330483</subfield>
    <subfield code="r">2009-07-13 00:00:00</subfield>
    <subfield code="t">1</subfield>
    <subfield code="v">95.00</subfield>
    <subfield code="w">2009-07-13</subfield>
    <subfield code="y">CH</subfield>
  </datafield>
  <datafield tag="952" ind1=" " ind2=" ">
    <subfield code="0">4</subfield>
    <subfield code="1">0</subfield>
    <subfield code="2">ddc</subfield>
    <subfield code="4">0</subfield>
    <subfield code="7">0</subfield>
    <subfield code="8">FIC</subfield>
    <subfield code="a">BL4</subfield>
    <subfield code="b">BL4</subfield>
    <subfield code="d">2009-07-13</subfield>
    <subfield code="e">The wise owl /005/15.5.09/15/23.4.09/3.6.09</subfield>
    <subfield code="g">95.00</subfield>
    <subfield code="l">0</subfield>
    <subfield code="o">S STI</subfield>
    <subfield code="p">B-330484</subfield>
    <subfield code="r">2009-07-13 00:00:00</subfield>
    <subfield code="t">1</subfield>
    <subfield code="v">95.00</subfield>
    <subfield code="w">2009-07-13</subfield>
    <subfield code="y">CH</subfield>
    <subfield code="z">Written off on approval by DLB (By Circulation); dtd 20.12.2022</subfield>
  </datafield>
  <datafield tag="952" ind1=" " ind2=" ">
    <subfield code="0">0</subfield>
    <subfield code="1">0</subfield>
    <subfield code="2">ddc</subfield>
    <subfield code="4">0</subfield>
    <subfield code="7">0</subfield>
    <subfield code="8">FIC</subfield>
    <subfield code="a">JP</subfield>
    <subfield code="b">JP</subfield>
    <subfield code="d">2009-09-24</subfield>
    <subfield code="e">The Wise Owl /018/14.9.09/91/2.9.09/16.9.09</subfield>
    <subfield code="g">95.00</subfield>
    <subfield code="l">31</subfield>
    <subfield code="m">1</subfield>
    <subfield code="o">S STI</subfield>
    <subfield code="p">B-358530</subfield>
    <subfield code="r">2026-06-20 10:22:23</subfield>
    <subfield code="s">2026-06-06</subfield>
    <subfield code="t">1</subfield>
    <subfield code="v">95.00</subfield>
    <subfield code="w">2009-09-24</subfield>
    <subfield code="y">CH</subfield>
  </datafield>
</record>
